| 000 | 00473nam a2200169Ia 4500 | ||
|---|---|---|---|
| 003 | GCL | ||
| 008 | 140319s9999 xx 000 0 ara d | ||
| 040 |
_aGCL / _cGCL |
||
| 082 | 0 | 4 |
_a796.83 _bم ح |
| 100 | 1 | _aمختار سالم | |
| 245 | 1 | 0 |
_aحرفية الملاكمة / _cمختار سالم |
| 260 |
_a[S.N] : _bمؤسسة المعارف للطباعة والنشر ، _c1990 |
||
| 300 | _a256 ص | ||
| 490 | _a | ||
| 650 | 0 | 4 | _aالملاكمة |
| 942 |
_2ddc _cBK |
||
| 999 |
_c34844 _d34844 |
||